000 00290nam a2200109Ia 4500
082 _a657.45 MAH
100 _aMahushi, Philip H.
_95774
245 _aBasic International Control
260 _aDar es Salaam
_b NBAA
_c1985
300 _a1985
942 _cBK
999 _c1254
_d1254